000 00309nam a2200121Ia 4500
005 20251222144708.0
008 251222s9999||||xx |||||||||||||| ||spa||
020 _a9972-00-615-8
082 _a610.734/C29
245 0 _aManual de la Cruz Roja de Primeros Auxilios
264 _bCruz Roja Peruana
942 _cLIB
999 _c17704
_d17704